000 01164cam a22003254a 4500
999 _c330544
_d330544
001 16128836
003 NUST
005 20170719160410.0
008 100310s2010 enka b 001 0 eng
010 _a 2010291850
015 _aGBA9A2748
_2bnb
016 7 _a015398075
_2Uk
020 _a9781849730204 (cased)
020 _a1849730202 (cased)
035 _a(OCoLC)ocn458734513
040 _aUKM
_cUKM
_dYDXCP
_dBWKUK
_dBWK
_dDLC
042 _aukblcatcopy
_alccopycat
050 0 0 _aTK2960
_b.T59 2010
082 0 4 _a621.31244 TIW
_222
100 1 _aTiwari, G. N.
_93441
245 1 0 _aFundamentals of photovoltaic modules and their applications /
_cGopal Nath Tiwari and Swapnil Dubey.
260 _aCambridge :
_bRoyal Society of Chemistry,
_c2010.
300 _axx, 402 p. :
_bill. (some col.) ;
_c24 cm.
490 0 _aRSC energy series ;
_vno. 2
500 _aH.B
504 _aIncludes bibliographical references and index.
650 0 _aPhotovoltaic power generation.
_93442
650 0 _aPhotovoltaic cells.
_93443
700 1 _aDubey, Swapnil.
_93444
906 _a7
_bcbc
_ccopycat
_d2
_encip
_f20
_gy-gencatlg
942 _2ddc
_cBK
_kIESE